| 000 | 00373nam a2200133Ia 4500 | ||
|---|---|---|---|
| 008 | 220217s9999||||xx |||||||||||||| ||und|| | ||
| 020 | _a9788189928834 | ||
| 082 | _a625.1 SAX | ||
| 100 | _aSaxena S.C and Arora S.P | ||
| 245 | 0 | _aText book of railway engineering | |
| 250 | _a7th | ||
| 260 |
_aDhanapathrai publishing _bNew Delhi _c20013 |
||
| 300 |
_aXII, 661p. _b410 |
||
| 999 |
_c187211 _d187211 |
||